000 00398nam a2200157 a 4500
005 20140412111421.0
008 071129s19uu xx 00 eng d
020 _a1-55799-912-0
050 _aTR(GS 372.61
_bW89 2003
245 _aWord Families.
260 _aU.S.A :
_bThe learning line,
_c2003.
300 _a32p.
440 _aSuccess measures up!
500 _aGrades 2-3
999 _c106032
_d106032